Planning after Barker (Record no. 78295)

MARC details
000 -LEADER
fixed length control field 00965cab a2200229 4500
001 - CONTROL NUMBER
control field L136444
008 - FIXED-LENGTH DATA ELEMENTS--GENERAL INFORMATION
fixed length control field 070131n2007 000 0 eng u
035 ## - SYSTEM CONTROL NUMBER
System control number (Sirsi) u136444
041 0# - LANGUAGE CODE
Language code of text/sound track or separate title eng
100 1# - MAIN ENTRY--PERSONAL NAME
Personal name Brock, David
245 00 - TITLE STATEMENT
Title Planning after Barker
260 ## - PUBLICATION, DISTRIBUTION, ETC.
Date of publication, distribution, etc. 2007
490 00 - SERIES STATEMENT
Series statement Solicitors' Journal
Volume/sequential designation 151(4) 26 January 2007, 108(1)
520 ## - SUMMARY, ETC.
Summary, etc. Offers advice to local authorities and developers caught up in the uncertainty created by "R (Barker) v. Bromley LBC" ([2006] UKHL 52). Argues that the most obvious effect of the ruling is that the Environmental Impact Assessment (EIA) Regulations 1999 must be amended in order to be consistent with EU law.
590 ## - LOCAL NOTE (RLIN)
Local note KA
650 24 - SUBJECT ADDED ENTRY--TOPICAL TERM
Topical term or geographic name entry element R V BROMLEY LBC AND ANOTHER EX P BARKER
650 24 - SUBJECT ADDED ENTRY--TOPICAL TERM
Topical term or geographic name entry element ENVIRONMENTAL IMPACT REGULATIONS 1999
651 #4 - SUBJECT ADDED ENTRY--GEOGRAPHIC NAME
Geographic name England
Chronological subdivision 886-
690 ## - LOCAL SUBJECT ADDED ENTRY--TOPICAL TERM (OCLC, RLIN)
Topical term or geographic name as entry element ENVIRONMENTAL AND LAND CONSULTANCY-PLANNING AND DEVELOPMENT-PLANNING GUIDANCE
700 1# - ADDED ENTRY--PERSONAL NAME
Personal name Moreton, Caroline
942 ## - ADDED ENTRY ELEMENTS (KOHA)
Suppress in OPAC 0
Holdings
Withdrawn status Lost status Source of classification or shelving scheme Damaged status Not for loan Home library Current library Shelving location Date acquired Total Checkouts Full call number Barcode Date last seen Copy number Price effective from Koha item type
    Dewey Decimal Classification     London London Journal article 31/01/2007   L136444 136444-1001 06/08/2019 1 06/08/2019 Journal article